000 00649nam a2200193Ia 4500
003 GCL
008 140319s9999 xx 000 0 ara d
040 _aGCL /
_cGCL
082 0 4 _a823
_bا ج
100 1 _aعبدالحميد فهمى الجمال
245 1 0 _aجذور /
_cعبدالحميد فهمى الجمال
700 1 _aهيلى, اليكس
260 _aالقاهرة :
_bالهيئة المصرية العامة للكتاب ،
_c1986
300 _aمتعدد ؛
_c24 سم
490 _a
650 0 4 _aالقصص الانجليزية المترجمة
650 0 4 _aالادب الانجليزى المترجم
942 _2ddc
_cBK
999 _c59008
_d59008